Największe miasta w Massachusetts - Statystyki

Ogólne statystyki
  • Ten quiz został rozwiązany 12 razy
  • Średni wynik to 2 z 20
Statystyki odpowiedzi
Populacja Miasto % Poprawnych
691 531 Boston
100%
152 646 Springfield
33%
184 570 Worcester
22%
119 192 Cambridge
11%
110 904 Lowell
11%
87 803 Newton
11%
94 421 Quincy
11%
62 069 Waltham
11%
95 770 Brockton
0%
(59 022) Brookline
0%
89 792 Fall River
0%
73 892 Framingham
0%
64 098 Haverhill
0%
80 007 Lawrence
0%
94 539 Lynn
0%
59 922 Malden
0%
60 847 Medford
0%
95 517 New Bedford
0%
80 935 Somerville
0%
58 104 Weymouth
0%
Nie znaleziono quizów pasujących do podanych kryteriów
Rozkład punktacji
Procent ludzi z każdym wynikiem
Percentyl według liczby udzielonych odpowiedzi
Twoja historia wyników
Nie rozwiązałeś tego quizu